000
00336nam a2200145Ia 4500
005
20251222152651.0
008
251222s9999||||xx |||||||||||||| ||spa||
020
_a
997232127
082
_a
154.2/R68
100
_a
Rivera Diaz, Guillermo
245
0
_a
La Prosperidad Personal
250
_a
1ra.ed.
264
_b
Infamil
942
_c
LIB
999
_c
28460
_d
28460